El gerente que si puede : (Registro nro. 49401)

Detalles MARC
000 -LEADER
fixed length control field 00962nam a2200265 4500
001 - CONTROL NUMBER
control field 0000015001
003 - CONTROL NUMBER IDENTIFIER
control field CO-CtgCURN
005 - DATE AND TIME OF LATEST TRANSACTION
control field 20250730222824.0
008 - FIXED-LENGTH DATA ELEMENTS--GENERAL INFORMATION
fixed length control field 160627s1990 000 0 eng d
020 ## - INTERNATIONAL STANDARD BOOK NUMBER
International Standard Book Number 958041209X
040 ## - CATALOGING SOURCE
Original cataloging agency CO-CtgCURN
Language of cataloging spa
Transcribing agency coctgcurn
082 0# - DEWEY DECIMAL CLASSIFICATION NUMBER
Classification number 658.42
Item number K47g
100 1# - MAIN ENTRY--PERSONAL NAME
Personal name Kirby, Tess.
245 13 - TITLE STATEMENT
Title El gerente que si puede :
Remainder of title como hacer que sus empleados corran riesgos, actuen y hagan las cosas bien /
Statement of responsibility, etc. Tess Kirby.
260 ## - PUBLICATION, DISTRIBUTION, ETC.
Place of publication, distribution, etc. Bogot©Ł :
Name of publisher, distributor, etc. Norma,
Date of publication, distribution, etc. 1990.
300 ## - PHYSICAL DESCRIPTION
Extent 201 p.
336 ## - CONTENT TYPE
Source rdacontent
337 ## - MEDIA TYPE
Source rdamedia
Media type term sin mediacion
Media type code n
338 ## - CARRIER TYPE
Source rdacarrier
Carrier type term volumen
Carrier type code nc
505 8# - FORMATTED CONTENTS NOTE
Formatted contents note Cree un equipo supermotivado.--Como generar una actitud emprendedora desde el comienzo.--Delegue para garantizar resultados
650 #0 - SUBJECT ADDED ENTRY--TOPICAL TERM
Topical term or geographic name entry element Administración de empresas
Form subdivision Manuales.
908 ## - PUT COMMAND PARAMETER (RLIN)
Put command parameter 160627
942 ## - ADDED ENTRY ELEMENTS (KOHA)
Koha item type Libros
Classification part 658.42
Item part K47g
Source of classification or shelving scheme Dewey Decimal Classification
999 ## - SYSTEM CONTROL NUMBERS (KOHA)
-- 1

No hay ítems disponibles.